Largest lakes in the world - Statistics

General Stats
  • This quiz has been taken 24 times
  • The average score is 6 of 10
Answer Stats
area(sq miles) Answer % Correct
23000 Huron
83%
31700 Superior
83%
22000 Michigan
78%
12200 Baikal
74%
26590 Victoria
70%
168000 Caspian Sea
65%
12000 Great Bear
65%
10000 Great Slave
57%
11400 Malawi
30%
12600 Tanganyika
30%
No matching quizzes found
Score Distribution
Percent of People with Each Score
Percentile by Number Answered
Your Score History
You have not taken this quiz